Немецко-русский словарь по сварке

Detaylı Bibliyografya
Yazar: Грабов И. Н. Исаак Наумович
Özet:На переплете сост. не указан
Dil:Rusça
Almanca
Baskı/Yayın Bilgisi: Москва, Физматгиз, 1962
Konular:
Materyal Türü: Kitap
KOHA link:https://koha.lib.tpu.ru/cgi-bin/koha/opac-detail.pl?biblionumber=52629

MARC

LEADER 00000nam0a2200000 4500
001 52629
005 20231101211359.0
035 |a (RuTPU)RU\TPU\book\55169 
090 |a 52629 
100 |a 20030604d1962 km y0rusy50 ca 
101 0 |a rus  |a ger 
102 |a RU 
105 |a a e 000zy 
200 1 |a Немецко-русский словарь по сварке  |f И. Н. Грабов 
210 |a Москва  |c Физматгиз  |d 1962 
215 |a 246 с.  |c ил. 
300 |a На переплете сост. не указан 
606 1 |a Немецкий язык  |x Терминологические словари  |2 stltpush  |3 (RuTPU)RU\TPU\subj\45383  |9 64626 
610 1 |a немецко-русские словари 
610 1 |a терминологические словари 
610 1 |a сварка 
686 |a Ш143.24-43  |v LBC/SL-A  |2 rubbk 
700 1 |a Грабов  |b И. Н.  |g Исаак Наумович 
801 1 |a RU  |b 63413507  |c 20030604  |g PSBO 
801 2 |a RU  |b 63413507  |c 20161021  |g PSBO 
942 |c BK